[Event "WchT Seniors 65"]
[Site "Prague"]
[Date "2025.02.20"]
[Round "4.36"]
[White "Cordes, Steffen"]
[Black "Cesal, Jaroslav"]
[Result "1/2-1/2"]
[WhiteElo "1943"]
[BlackElo "2049"]
[PlyCount "34"]
[EventDate "2025.02.17"]
[EventType "team-swiss"]
[EventRounds "9"]
[EventCountry "CZE"]
[SourceTitle "CB09_2025"]
[SourceDate "2025.02.27"]
[SourceVersion "1"]
[SourceVersionDate "2025.02.27"]
[SourceQuality "1"]
[WhiteTeam "Denmark SK 2012 65"]
[BlackTeam "Coriolus 65"]
[WhiteTeamCountry "DEN"]
[BlackTeamCountry "CZE"]

1. e4 c5 2. Nc3 g6 3. Nf3 Bg7 4. d4 cxd4 5. Nxd4 Nc6 6. Be3 Nf6 7. Bc4 Ng4 8. Qxg4 Nxd4 9. Qd1 Ne6 10. Qd2 d6 11. 0-0-0 Bd7 12. Kb1 Rc8 13. Bb3 Qa5 14. Nd5 Qxd2 15. Rxd2 Nc5 16. f3 h6 17. Bd4 Bxd4 1/2-1/2

[Event "WchT Seniors 65"]
[Site "Krakow"]
[Date "2024.07.11"]
[Round "9.2"]
[White "Orton, Stephen LA"]
[Black "Cordes, Steffen"]
[Result "1-0"]
[WhiteElo "2115"]
[BlackElo "1989"]
[PlyCount "55"]
[EventDate "2024.07.02"]
[EventType "team-swiss"]
[EventRounds "9"]
[EventCountry "POL"]
[SourceTitle "CBM 221 Extra"]
[Source "ChessBase"]
[SourceDate "2024.09.30"]
[SourceVersion "1"]
[SourceVersionDate "2024.09.30"]
[SourceQuality "1"]
[WhiteTeam "England 65 III"]
[BlackTeam "Denmark SK 2024 65"]
[WhiteTeamCountry "ENG"]
[BlackTeamCountry "DEN"]

1. e4 c5 2. Nf3 g6 3. d4 cxd4 4. Nxd4 Bg7 5. Nc3 Nc6 6. Be3 Nf6 7. Bc4 d6 8. f3 0-0 9. Bb3 Bd7 10. h4 h5 11. Qd2 Rc8 12. 0-0-0 Ne5 13. Kb1 Re8 14. Bg5 Rc5 15. g4 hxg4 16. f4 Nf3 17. Nxf3 gxf3 18. e5 Bf5 19. Bxf6 exf6 20. exd6 Bd7 21. Qd4 b6 22. Nd5 f5 23. Ne7+ Kf8 24. Qd3 a5 25. h5 a4 26. Bxf7 Kxf7 27. hxg6+ Kf8 28. Rh7 1-0

[Event "WchT Seniors 65"]
[Site "Krakow"]
[Date "2024.07.02"]
[Round "1.3"]
[White "Cordes, Steffen"]
[Black "Maryasin, Boris Feliksovich"]
[Result "0-1"]
[WhiteElo "1989"]
[BlackElo "2210"]
[PlyCount "94"]
[EventDate "2024.07.02"]
[EventType "team-swiss"]
[EventRounds "9"]
[EventCountry "POL"]
[SourceTitle "CBM 221 Extra"]
[Source "ChessBase"]
[SourceDate "2024.09.30"]
[SourceVersion "1"]
[SourceVersionDate "2024.09.30"]
[SourceQuality "1"]
[WhiteTeam "Denmark SK 2024 65"]
[BlackTeam "Israel 65"]
[WhiteTeamCountry "DEN"]
[BlackTeamCountry "ISR"]

1. e4 c5 2. Nc3 Nc6 3. Nf3 e6 4. d4 cxd4 5. Nxd4 Qc7 6. Be2 Nf6 7. 0-0 Nxd4 8. Qxd4 Bc5 9. Qd3 a6 10. Be3 d6 11. Bxc5 Qxc5 12. Rad1 Ke7 13. Qd4 Qxd4 14. Rxd4 e5 15. Rd2 Be6 16. Rfd1 Rhd8 17. g3 b5 18. a3 g5 19. Bf3 Rac8 20. Re1 Rc4 21. Nd5+ Bxd5 22. exd5 g4 23. Bg2 h5 24. c3 h4 25. f4 gxf3 26. Bxf3 hxg3 27. hxg3 Rg8 28. Kg2 Rg5 29. Re3 Kf8 30. b3 Rc5 31. c4 bxc4 32. bxc4 Rxc4 33. Rb3 Ne4 34. Bxe4 Rxe4 35. Rdd3 Ra4 36. Rb6 e4 37. Rd1 Rxa3 38. Rxd6 Rgxg3+ 39. Kf2 Raf3+ 40. Ke2 Rg2+ 41. Ke1 e3 42. Rd3 Rh3 43. Rf6 Ra2 44. Rf1 Rhh2 45. Rf3 Ra1+ 46. Rd1 Rh1+ 47. Rf1 Rxf1+ 0-1

[Event "EU-chT Seniors 65"]
[Site "Swidnica"]
[Date "2023.07.20"]
[Round "9.1"]
[White "Petran, Peter"]
[Black "Cordes, Steffen"]
[Result "1-0"]
[WhiteElo "2189"]
[BlackElo "1950"]
[PlyCount "125"]
[EventDate "2023.07.12"]
[EventType "team-swiss"]
[EventRounds "9"]
[EventCountry "POL"]
[SourceTitle "CBM 215 Extra"]
[Source "ChessBase"]
[SourceDate "2023.09.30"]
[SourceVersion "1"]
[SourceVersionDate "2023.09.30"]
[SourceQuality "1"]
[WhiteTeam "Slovakia 65"]
[BlackTeam "Denmark 65"]
[WhiteTeamCountry "SVK"]
[BlackTeamCountry "DEN"]

1. g3 e5 2. c4 Nf6 3. Bg2 d5 4. cxd5 Nxd5 5. Nc3 Nb6 6. d3 Nc6 7. Nf3 Be7 8. a3 Be6 9. b4 0-0 10. Bb2 f5 11. b5 Nd4 12. Nd2 Nd5 13. a4 Nxc3 14. Bxc3 Bd5 15. 0-0 Bxg2 16. Kxg2 Qd5+ 17. Kg1 Rad8 18. Bxd4 Qxd4 19. Qb3+ Qd5 20. Ra2 Rf7 21. Rc2 Bf6 22. Qxd5 Rxd5 23. Nb3 b6 24. Rc4 Bd8 25. Rfc1 Rf6 26. R1c2 g5 27. f3 h5 28. h3 Kf7 29. Kg2 Ke8 30. Kf2 Kd7 31. Kg2 Kc8 32. d4 e4 33. fxe4 fxe4 34. e3 Rf3 35. Re2 h4 36. g4 Rg3+ 37. Kh2 Be7 38. Nd2 Bd6 39. Nxe4 Rf3+ 40. Nxd6+ Rxd6 41. e4 Rf4 42. Kg2 Kd7 43. e5 Rdxd4 44. e6+ Ke8 45. Rxc7 Rfe4 46. Rxe4 Rxe4 47. Rxa7 Rxe6 48. Kf3 Re1 49. a5 bxa5 50. b6 Rb1 51. b7 Kd8 52. Ke4 Rb4+ 53. Kd5 Kc7 54. Rxa5 Rb3 55. Ke6 Kxb7 56. Rxg5 Rxh3 57. Rh5 Re3+ 58. Kf6 h3 59. g5 Rc3 60. g6 Rf3+ 61. Kg7 Kc7 62. Kh7 Kd7 63. g7 1-0

[Event "DEN-ch Seniors 50+"]
[Site "Odder"]
[Date "2019.02.16"]
[Round "6"]
[White "Cordes, Steffen"]
[Black "Munch, Anders"]
[Result "1/2-1/2"]
[WhiteElo "1957"]
[BlackElo "2014"]
[PlyCount "60"]
[EventDate "2019.02.11"]
[EventType "swiss"]
[EventRounds "7"]
[EventCountry "DEN"]
[SourceTitle "CBM 189 Extra"]
[Source "ChessBase"]
[SourceDate "2019.05.31"]
[SourceVersion "1"]
[SourceVersionDate "2019.05.31"]
[SourceQuality "1"]

1. e4 e6 2. d4 d5 3. Nd2 c5 4. Ngf3 Nc6 5. exd5 Qxd5 6. Bc4 Qd7 7. dxc5 Bxc5 8. 0-0 Nf6 9. Qe2 0-0 10. Ne4 Nxe4 11. Qxe4 Ne7 12. Bg5 Qc6 13. Qe2 Ng6 14. Rad1 a6 15. Bb3 b5 16. Rfe1 Bb7 17. c3 Kh8 18. Bc2 Rfe8 19. Be4 Qc7 20. Bxb7 Qxb7 21. Rd3 h6 22. Be3 Bxe3 23. Qxe3 Ne7 24. Ne5 Nd5 25. Qf3 Kg8 26. Rd4 Rac8 27. Red1 Re7 28. Ng4 Rc4 29. Qg3 Kf8 30. Qf3 Rec7 1/2-1/2

[Event "EU-chT Seniors 50"]
[Site "Novi Sad"]
[Date "2017.07.02"]
[Round "8.4"]
[White "Cordes, Steffen"]
[Black "Garcia Palermo, Carlos H"]
[Result "0-1"]
[WhiteElo "1979"]
[BlackElo "2450"]
[PlyCount "54"]
[EventDate "2017.06.25"]
[EventType "team-tourn"]
[EventRounds "9"]
[EventCountry "SRB"]
[SourceTitle "CBM 179 Extra"]
[Source "ChessBase"]
[SourceDate "2017.08.23"]
[SourceVersion "1"]
[SourceVersionDate "2017.08.23"]
[SourceQuality "1"]
[WhiteTeam "Denmark 50"]
[BlackTeam "Italy 50"]
[WhiteTeamCountry "DEN"]
[BlackTeamCountry "ITA"]

1. e4 c6 2. d4 d5 3. e5 Bf5 4. Nf3 e6 5. Be2 Nd7 6. 0-0 Bg6 7. a4 a5 8. c3 Be7 9. Ne1 h5 10. Na3 h4 11. Nac2 Nh6 12. Ne3 Nf5 13. Bd3 Nxe3 14. Bxe3 Bxd3 15. Nxd3 g6 16. b3 b5 17. Nb2 Qb6 18. Qd3 0-0 19. Rfb1 Rfb8 20. Qd2 c5 21. axb5 Qxb5 22. Nd3 c4 23. Nc1 Qc6 24. bxc4 Rxb1 25. Rxb1 dxc4 26. Bg5 Bxg5 27. Qxg5 Qe4 0-1

[Event "WchT Seniors 50"]
[Site "Radebeul"]
[Date "2016.07.01"]
[Round "6.18"]
[White "Cordes, Steffen"]
[Black "Ernst, Michael"]
[Result "1/2-1/2"]
[WhiteElo "1926"]
[BlackElo "2134"]
[PlyCount "67"]
[EventDate "2016.06.26"]
[EventType "team-swiss"]
[EventRounds "9"]
[EventCountry "GER"]
[SourceTitle "CBM 173 Extra"]
[Source "ChessBase"]
[SourceDate "2016.08.29"]
[SourceVersion "1"]
[SourceVersionDate "2016.08.29"]
[SourceQuality "1"]
[WhiteTeam "Copenhagen 68"]
[BlackTeam "Austria"]
[WhiteTeamCountry "DEN"]
[BlackTeamCountry "AUT"]

1. e4 e6 2. d4 d5 3. Nd2 Nf6 4. e5 Nfd7 5. Bd3 c5 6. c3 Nc6 7. Ngf3 g6 8. 0-0 Bg7 9. b3 cxd4 10. cxd4 0-0 11. Re1 Qb6 12. Bb2 f6 13. exf6 Nxf6 14. Qe2 Nh5 15. Qe3 Bd7 16. Rad1 a5 17. a3 Nf6 18. Ne5 Nxe5 19. dxe5 Qxe3 20. Rxe3 Ng4 21. Re2 Rac8 22. Nf3 Nh6 23. Nd4 Nf5 24. Nxf5 gxf5 25. f4 Rc7 26. Ree1 Rfc8 27. Rc1 Bf8 28. Rxc7 Rxc7 29. a4 Bb4 30. Rc1 Rxc1+ 31. Bxc1 Kf7 32. Kf1 Bc3 33. Be3 Ke7 34. Ke2 1/2-1/2

[Event "WchT Seniors 50"]
[Site "Radebeul"]
[Date "2016.06.26"]
[Round "1.3"]
[White "Page, Mark"]
[Black "Cordes, Steffen"]
[Result "1-0"]
[WhiteElo "2080"]
[BlackElo "1926"]
[PlyCount "63"]
[EventDate "2016.06.26"]
[EventType "team-swiss"]
[EventRounds "9"]
[EventCountry "GER"]
[SourceTitle "CBM 173 Extra"]
[Source "ChessBase"]
[SourceDate "2016.08.29"]
[SourceVersion "1"]
[SourceVersionDate "2016.08.29"]
[SourceQuality "1"]
[WhiteTeam "England II"]
[BlackTeam "Copenhagen 68"]
[WhiteTeamCountry "ENG"]
[BlackTeamCountry "DEN"]

1. e4 c5 2. Nc3 g6 3. f4 Bg7 4. Nf3 Nc6 5. Bb5 Nd4 6. 0-0 a6 7. Bd3 d6 8. Nxd4 cxd4 9. Ne2 Nf6 10. Kh1 0-0 11. Nxd4 Nxe4 12. Bxe4 Bxd4 13. Qf3 Qc7 14. f5 Rb8 15. c3 Bg7 16. d4 Bd7 17. Bg5 Bb5 18. Rfe1 Rfe8 19. d5 Rbc8 20. Re3 Qa5 21. Bd3 Bxd3 22. Rxd3 Qc7 23. Re1 b5 24. a3 a5 25. Rde3 Be5 26. f6 h6 27. Rxe5 dxe5 28. Bxh6 Qd6 29. Bg5 exf6 30. Bxf6 Rc4 31. b3 e4 32. bxc4 1-0

[Event "EU-Cup 21st"]
[Site "Saint Vincent"]
[Date "2005.09.20"]
[Round "3.6"]
[White "Cordes, Steffen"]
[Black "Hammer, Jon Ludvig"]
[Result "0-1"]
[WhiteElo "2105"]
[BlackElo "2318"]
[PlyCount "70"]
[EventDate "2005.09.18"]
[EventType "team-swiss"]
[EventRounds "7"]
[EventCountry "ITA"]
[SourceTitle "CBM 110"]
[Source "ChessBase"]
[SourceDate "2006.01.31"]
[SourceVersion "1"]
[SourceVersionDate "2006.01.31"]
[SourceQuality "1"]
[WhiteTeam "Aarhus"]
[BlackTeam "Oslo"]
[WhiteTeamCountry "DEN"]
[BlackTeamCountry "NOR"]

1. e4 e5 2. Nc3 Nf6 3. g3 d5 4. exd5 Nxd5 5. Bg2 Nxc3 6. bxc3 Nc6 7. d3 Bc5 8. Nf3 0-0 9. 0-0 f6 10. Re1 Bg4 11. h3 Bh5 12. Be3 Bb6 13. Qb1 Qd7 14. Kh2 Rae8 15. a4 f5 16. Bxb6 axb6 17. Qb5 Qd6 18. Nd2 Qh6 19. Nc4 f4 20. Nxe5 fxg3+ 21. fxg3 Qd2 22. Qd5+ Kh8 23. Nc4 Qxc3 24. Rf1 Be2 25. Rxf8+ Rxf8 26. Rc1 Qf6 27. Qd7 Qf2 28. Qxc7 Bf3 29. Rg1 Nd4 30. Ne5 Bc6 31. Qd6 Ne2 32. Nf3 Rxf3 33. Rf1 Qxf1 34. Bxf1 Rf2+ 35. Bg2 Rxg2+ 0-1

[Event "EU-Cup 21st"]
[Site "Saint Vincent"]
[Date "2005.09.18"]
[Round "1.6"]
[White "Cordes, Steffen"]
[Black "Vukovic, Zdravko"]
[Result "1/2-1/2"]
[WhiteElo "2105"]
[BlackElo "2432"]
[PlyCount "49"]
[EventDate "2005.09.18"]
[EventType "team-swiss"]
[EventRounds "7"]
[EventCountry "ITA"]
[SourceTitle "CBM 110"]
[Source "ChessBase"]
[SourceDate "2006.01.31"]
[SourceVersion "1"]
[SourceVersionDate "2006.01.31"]
[SourceQuality "1"]
[WhiteTeam "Aarhus"]
[BlackTeam "Podgorica"]
[WhiteTeamCountry "DEN"]
[BlackTeamCountry "YUG"]

1. e4 c5 2. Nc3 Nc6 3. Nf3 d6 4. d4 cxd4 5. Nxd4 Nf6 6. Bc4 Qb6 7. Nxc6 bxc6 8. Bb3 e6 9. 0-0 Be7 10. Be3 Qc7 11. f4 0-0 12. Qf3 d5 13. exd5 cxd5 14. Rad1 Bb7 15. Qh3 Bc5 16. Bd4 Ba6 17. Rfe1 Bxd4+ 18. Rxd4 Qb6 19. Red1 Rac8 20. Kh1 Rfe8 21. Qg3 g6 22. h3 Nh5 23. Qe1 f5 24. Kh2 Qb8 25. g3 1/2-1/2

[Event "Aarhus-B"]
[Site "Aarhus"]
[Date "2005.07.05"]
[Round "4"]
[White "Baekgaard, Martin"]
[Black "Cordes, Steffen"]
[Result "1-0"]
[WhiteElo "2189"]
[BlackElo "2105"]
[PlyCount "49"]
[EventDate "2005.07.02"]
[EventType "tourn"]
[EventRounds "9"]
[EventCountry "DEN"]
[SourceTitle "EXT 2006"]
[Source "ChessBase"]
[SourceDate "2005.11.24"]
[SourceVersion "1"]
[SourceVersionDate "2005.11.24"]
[SourceQuality "1"]

1. c4 g6 2. d4 Bg7 3. e4 d6 4. Nc3 Nf6 5. Be2 0-0 6. Nf3 e5 7. 0-0 Nc6 8. d5 Ne7 9. b4 Nh5 10. Re1 f5 11. Ng5 Nf6 12. Bf3 a5 13. bxa5 c5 14. Ne6 Bxe6 15. dxe6 Qxa5 16. Bd2 f4 17. Rb1 Rfb8 18. Rb5 Qd8 19. Qb1 Ra7 20. Nd5 Nc6 21. Bc3 Qe8 22. Rb6 Qd8 23. Re2 Ne8 24. Reb2 Bf8 25. Rxc6 1-0

[Event "Aarhus-B"]
[Site "Aarhus"]
[Date "2005.07.04"]
[Round "3"]
[White "Cordes, Steffen"]
[Black "Christensen, Janus"]
[Result "0-1"]
[WhiteElo "2105"]
[BlackElo "2101"]
[PlyCount "64"]
[EventDate "2005.07.02"]
[EventType "tourn"]
[EventRounds "9"]
[EventCountry "DEN"]
[SourceTitle "EXT 2006"]
[Source "ChessBase"]
[SourceDate "2005.11.24"]
[SourceVersion "1"]
[SourceVersionDate "2005.11.24"]
[SourceQuality "1"]

1. e4 e5 2. Nc3 Nf6 3. g3 d5 4. exd5 Nxd5 5. Bg2 Be6 6. Nf3 Nc6 7. d3 Bb4 8. Bd2 Qd7 9. 0-0 f6 10. Re1 0-0-0 11. Ne4 Be7 12. a3 g5 13. b4 h5 14. b5 Nb8 15. c4 Nb6 16. c5 Nd5 17. c6 bxc6 18. bxc6 Qxc6 19. Bxg5 fxg5 20. Nxe5 Qa6 21. Ng6 Bg4 22. Nxe7+ Nxe7 23. Qc1 Nec6 24. Nc5 Qa5 25. Qc2 Rde8 26. Rec1 Nd4 27. Qb2 Ne2+ 28. Kh1 Qb6 29. Rc2 Qxb2 30. Rxb2 Nd7 31. Bb7+ Kd8 32. Ne4 Bf3# 0-1

[Event "EU-Cup 20th"]
[Site "Izmir"]
[Date "2004.10.07"]
[Round "5.6"]
[White "Cordes, Steffen"]
[Black "Duesterwald, Marc"]
[Result "0-1"]
[WhiteElo "2156"]
[BlackElo "2221"]
[PlyCount "64"]
[EventDate "2004.10.03"]
[EventType "team-swiss"]
[EventRounds "7"]
[EventCountry "TUR"]
[SourceTitle "CBM 104"]
[Source "ChessBase"]
[SourceDate "2005.01.27"]
[SourceVersion "1"]
[SourceVersionDate "2005.01.27"]
[SourceQuality "1"]
[WhiteTeam "Aarhus"]
[BlackTeam "Eupen Rochade"]
[WhiteTeamCountry "DEN"]
[BlackTeamCountry "BEL"]

1. e4 c5 2. Nc3 d6 3. g3 g6 4. Bg2 Bg7 5. d3 Nc6 6. f4 Rb8 7. Nf3 Nf6 8. 0-0 0-0 9. h3 b5 10. Qe1 b4 11. Nd1 Nd4 12. Qf2 Ne8 13. g4 a5 14. f5 a4 15. Ng5 a3 16. Rb1 axb2 17. Rxb2 Bb7 18. Bd2 Nc7 19. c3 bxc3 20. Bxc3 Ba6 21. Qh4 h6 22. fxg6 fxg6 23. Rxf8+ Qxf8 24. Rf2 Bf6 25. Bd2 Rb1 26. e5 Rxd1+ 27. Bf1 dxe5 28. Qg3 hxg5 29. Bxg5 Bxd3 30. Qxd3 Rxd3 31. Bxd3 Kg7 32. Bd2 Qa8 0-1

[Event "EU-Cup 20th"]
[Site "Izmir"]
[Date "2004.10.05"]
[Round "3.6"]
[White "Andres Julia, Vicente Ramon"]
[Black "Cordes, Steffen"]
[Result "0-1"]
[WhiteElo "2065"]
[BlackElo "2156"]
[PlyCount "94"]
[EventDate "2004.10.03"]
[EventType "team-swiss"]
[EventRounds "7"]
[EventCountry "TUR"]
[SourceTitle "CBM 104"]
[Source "ChessBase"]
[SourceDate "2005.01.27"]
[SourceVersion "1"]
[SourceVersionDate "2005.01.27"]
[SourceQuality "1"]
[WhiteTeam "Valencia"]
[BlackTeam "Aarhus"]
[WhiteTeamCountry "ESP"]
[BlackTeamCountry "DEN"]

1. e4 c5 2. Nc3 Nc6 3. Nf3 g6 4. d4 cxd4 5. Nxd4 Bg7 6. Be3 Nf6 7. Bc4 0-0 8. Bb3 d6 9. f3 Bd7 10. Qd2 Rc8 11. 0-0-0 Ne5 12. Kb1 b5 13. Ndxb5 a5 14. a4 Nc4 15. Bxc4 Rxc4 16. b3 Rb4 17. Na2 Rxb5 18. axb5 Bxb5 19. Nc3 Bd7 20. Bd4 a4 21. Nd5 axb3 22. Nxf6+ exf6 23. cxb3 Be6 24. Kb2 Qb8 25. Qe3 Qb7 26. Rc1 Rb8 27. Rc3 Qe7 28. Ra1 Qd8 29. Ra3 Rb4 30. Ra4 Rb7 31. Qf4 Qb8 32. Ra3 Rb4 33. Bxf6 Bf8 34. h4 h5 35. g4 hxg4 36. fxg4 Qb7 37. Re3 Bd5 38. h5 Bxe4 39. h6 Kh7 40. Bc3 Bxh6 41. g5 Bg7 42. Rh3+ Kg8 43. Bxg7 Bf5 44. Qh4 Rxh4 45. Rxh4 Kxg7 46. Rh2 Qe4 47. Ra4 Qe5+ 0-1